000 00594nam a2200205 u 4500
005 20240910063911.0
008 101025s1991 es r 000 0 spa d
020 _a8478440690
035 _aUPN01000178354
049 _aCG
050 4 _aPT2668 A7.7
_bF7.2
100 1 _aHärtling, Peter,
_d1933-2017
_943589
245 1 0 _aFraenze /
_cPeter Härtling ; tr. Miguel Angel Vega.
260 _aMadrid :
_bSiruela,
_c1991.
300 _a132 p. :
_bil.
440 4 _aLas tres edades ;
_v5
534 _pTítulo original:
_tFränze
650 4 _aLiteratura juvenil alemana
_912357
905 _aLibro
999 _c150457
_d150457